Square summable power series (Record no. 2835)

MARC details
000 -LEADER
fixed length control field 00675nam a2200217Ia 4500
003 - CONTROL NUMBER IDENTIFIER
control field IN-BaIIA
008 - FIXED-LENGTH DATA ELEMENTS--GENERAL INFORMATION
fixed length control field 211028s9999 xx 000 0 eng d
040 ## - CATALOGING SOURCE
Transcribing agency IIA Library
080 ## - UNIVERSAL DECIMAL CLASSIFICATION NUMBER
Universal Decimal Classification number 517.537.3
Item number BRA
100 ## - MAIN ENTRY--PERSONAL NAME
Personal name Branges, L. D.
9 (RLIN) 5058
245 #0 - TITLE STATEMENT
Title Square summable power series
Statement of responsibility, etc. L. D. Branges and J. Rovnyak
260 ## - PUBLICATION, DISTRIBUTION, ETC.
Place of publication, distribution, etc. New York
Name of publisher, distributor, etc. Holt Rinehard and Winston
Date of publication, distribution, etc. 1966
300 ## - PHYSICAL DESCRIPTION
Extent viii, 104p.
490 ## - SERIES STATEMENT
Series statement Athena series selected topics in mathematics
650 ## - SUBJECT ADDED ENTRY--TOPICAL TERM
Topical term or geographic name entry element Analysis-Mathematics
9 (RLIN) 1722
650 ## - SUBJECT ADDED ENTRY--TOPICAL TERM
Topical term or geographic name entry element NASA Thesaurus
650 ## - SUBJECT ADDED ENTRY--TOPICAL TERM
Topical term or geographic name entry element Power Series
9 (RLIN) 5059
650 ## - SUBJECT ADDED ENTRY--TOPICAL TERM
Topical term or geographic name entry element Series
9 (RLIN) 5060
700 ## - ADDED ENTRY--PERSONAL NAME
Personal name Rovnyak, J.
9 (RLIN) 5061
942 ## - ADDED ENTRY ELEMENTS (KOHA)
Koha item type Books
Holdings
Withdrawn status Lost status Damaged status Not for loan Home library Current library Shelving location Date acquired Cost, normal purchase price Total Checkouts Full call number Barcode Date last seen Cost, replacement price Price effective from Koha item type Purchase Price
        IIA Library-Bangalore IIA Library-Bangalore General Stacks 30/03/1967 28.44   517.537.3/ BRA 3155 05/11/2021 28.44 30/03/1967 Books Rs. 28.44

Powered by Koha